Normal view
MARC view
Entry Personal Name
001 - CONTROL NUMBER
- control field: 62963
003 - CONTROL NUMBER IDENTIFIER
- control field: dpl
005 - DATE AND TIME OF LATEST TRANSACTION
- control field: 20240307155006.0
008 - FIXED-LENGTH DATA ELEMENTS
- fixed length control field: 240307|| aca||aabn | a|a d
040 ## - CATALOGING SOURCE
- Original cataloging agency: dpl
- Transcribing agency: dpl
100 ## - HEADING--PERSONAL NAME
- Personal name: वर्मा,कमलेश
670 ## - SOURCE DATA FOUND
- Source citation: Work cat.: (dpl)201184: वर्मा,कमलेश , निराला/, 2022
